=LDR 00000nam 2200000 4500 =001 INLIS000000000013574 =005 20130612104939 =008 ***********************************Ind** =035 ##$$0010-061300000013574 =041 ##$$a Ind =082 ##$$a 796.334 2 =090 ##$$a 796.334 2, She t =100 ##$$a Sheikah, Jonatkan =245 ##$$a Teknik menjaga gawang, Jonatkan sheikh =260 ##$$a 2003 $b Jakarta =300 ##$$a 32 hlm, Ilus, 28 cm =650 ##$$a sepak bola - Teknik =850 ##$$a NBPNMAT